00840nam a2200145 a 450000100100000000500170001000800410002711000700006824501990013826000740033730000200041150101410043170001090057204000130068100003174320200930063139.0110701s1945 dr c 000 | spa d1 aRepública Dominicana.bPresidente (1942-1952 : Trujillo Molina)10aMensaje del honorable presidente Trujillo a la asamblea nacional ; y discurso del presidente de la misma Dr. M. de J. Troncoso de la Concha /cRafael L. Trujillo, M. de J. Troncoso de la Concha. aCiudad Trujillo, República Dominicana :bPartido Dominicano,c1945. a16 p. ;c24 cm. aPublicado con: discurso del presidente de la misma Dr. M. de J. Troncoso de la Concha en el 101 aniversario de la Independencia Nacional aTroncoso de la Concha, M. de J.,tDiscurso del presidente de la misma Dr. M. de J. Troncoso de la Concha aDO-SdBNP